| 000 | 01190cab a2200229 4500 | ||
|---|---|---|---|
| 001 | ABS55966 | ||
| 008 | 090401t1996 xxu||||| |||| 00| 0 eng d | ||
| 035 | _a(Sirsi) u20163 | ||
| 041 | _aeng | ||
| 245 | _aCo-operative Wholesale Society v Chester le Street DC | ||
| 260 | _c1996 | ||
| 350 | _a0 | ||
| 490 |
_aRating & Valuation Reporter _v[1996] RVR 185-190(6) |
||
| 520 | _aLT 27 June 1996. Claimants (CWS) argued for compensation for the compulsory purchase of property in Front Street in 1983. The DC argued that the application was statute barred under the Compulsory Purchase (Vesting Declarations) Act 1981 s10(3). Held, that acquiring authority is estopped from asserting that claim was statute barred as it has resumed negotiations after the expiry period and it was taken that by that action they had waived the time bar. | ||
| 650 | _aCO-OPERATIVE WHOLESALE SOCIETY V CHESTER LE STREET DC | ||
| 650 | _aCOMPULSORY PURCHASE (VESTING DECLARATIONS) ACT 1981 S10(3) | ||
| 650 | _aSTATUTE BARRED | ||
| 650 | _aTIME LIMITS | ||
| 690 | _aENVIRONMENTAL AND LAND CONSULTANCY-PLANNING AND DEVELOPMENT-COMPULSORY PURCHASE AND COMPENSATION | ||
| 942 | _n0 | ||
| 948 | _c04/03/1997 | ||
| 999 |
_c13511 _d13511 |
||